Un slogan publicitaire = une marque #1 - Statistiques

Statistiques générales
  • Ce quiz a été pris 275 fois
  • Le résultat moyen est 6 sur 20
Statistiques - réponses
Slogan Publicitaire Marque % Correct
La boisson qui donne des aiiiles Red Bull
96%
En avant les histoires Playmobil
87%
Naturellement pulpeuse Orangina
53%
Le cola du Phare Ouest Breizh Cola
39%
Bon à s’en lécher les doigts (It’s Finger Lickin’ Good) KFC
34%
Born à Marseille Ricard
33%
Le fromage des gastronomes en culottes courtes Kiri
32%
Un café nommé désir Carte Noir
31%
Le Traiteur intraitable Pierre Martinet
23%
Plus t’en mets, plus t’en as Axe
22%
Nous, c’est le goût Quick
22%
Le plaisir pour les petites faims Kinder Bueno
20%
Il y a certaines choses qui ne s’achètent pas. Pour tout le reste, il y a : Mastercard
20%
A quoi ça sert d’imaginer des vêtements si on peut rien faire dedans ? Petit Bateau
17%
Faites pousser vos idées Jardiland
14%
C’est bon d’avoir les boules Knacky Ball
9%
Le bonheur des uns fait le bonheur des autres Leboncoin
4%
Les histoires nous rapprochent Netflix
4%
Ici, on parle d’ici France Bleu
3%
C’est moche, mais ça marche. Eau précieuse
2%
Aucun quiz correspondant
Distribution des résultats
% des personnes avec chaque résultat
Percentile par nombre de réponses
Votre historique - résultats
Vous n’avez pas pris ce quiz